| 000 | 01002cam a2200325 4500 | ||
|---|---|---|---|
| 001 | B3139 | ||
| 008 | 090401t1990 xxu||||| |||| 00| 0 eng d | ||
| 035 | _a(Sirsi) u54247 | ||
| 041 | _aeng | ||
| 050 | _a333.3307204 | ||
| 110 |
_aSociety of Property Researchers _923 |
||
| 245 | _aProperty research in Europe : papers presented at a series of technical seminars held...in Spring 1990 | ||
| 260 |
_aLondon _bSociety of Property Researchers _c1990 |
||
| 300 | _a70p. : ill.,maps ; 30cm. | ||
| 350 | _a7.5 | ||
| 520 | _aPapers by Dennis Hay, Alain Danan, Jacques Koolen, Martin Green, Paul Cheshire Frank Carter. | ||
| 650 | _aCARTER FRANK | ||
| 650 | _aCHESHIRE PAUL | ||
| 650 | _aDANAN ALAIN | ||
| 650 | _aEASTERN EUROPE | ||
| 650 | _aEUROPEAN COMMUNITY | ||
| 650 | _aGREEN MARTIN | ||
| 650 | _aHAY DENNIS | ||
| 650 | _aKOOLEN JACQUES | ||
| 650 | _aOFFICES | ||
| 650 | _aSHOPS | ||
| 710 |
_aRoyal Institution of Chartered Surveyors _94900 |
||
| 942 | _n0 | ||
| 948 | _c04/03/1997 | ||
| 999 |
_c93446 _d93446 |
||